|
|
|
|
| LEADER |
00000nam0a2200000 4500 |
| 001 |
283309 |
| 005 |
20231101235602.0 |
| 035 |
|
|
|a (RuTPU)RU\TPU\book\307371
|
| 090 |
|
|
|a 283309
|
| 100 |
|
|
|a 20150205d1984 k y0rusy5003 ca
|
| 101 |
0 |
|
|a rus
|
| 102 |
|
|
|a RU
|
| 105 |
|
|
|a a z 011zb
|
| 200 |
1 |
|
|a Химическая связь и строение молекул
|f Академия наук СССР (АН СССР), Институт общей и неорганической химии им. Н. С. Курнакова (ИОНХ) ; под ред. В. И. Нефедова
|
| 210 |
|
|
|a Москва
|c Наука
|d 1984
|
| 215 |
|
|
|a 279 с.
|c ил.
|
| 300 |
|
|
|a К 90-летию со дня рождения академика Я. К. Сыркина
|
| 320 |
|
|
|a Библиография в конце статей
|
| 600 |
|
1 |
|a Сыркин
|b Я. К.
|c физикохимик
|c академик АН СССР
|f 1894-1974
|g Яков Кивович
|2 stltpush
|3 (RuTPU)RU\TPU\pers\35211
|9 18476
|
| 606 |
1 |
|
|a Химическая связь
|2 stltpush
|3 (RuTPU)RU\TPU\subj\70611
|9 84817
|
| 606 |
1 |
|
|a Молекулы
|x Строение
|x (химия)
|2 stltpush
|3 (RuTPU)RU\TPU\subj\44274
|9 63634
|
| 610 |
1 |
|
|a квантохимические расчеты
|
| 610 |
1 |
|
|a исследование
|
| 610 |
1 |
|
|a физические методы
|
| 610 |
1 |
|
|a переходные металлы
|
| 610 |
1 |
|
|a катализ
|
| 610 |
1 |
|
|a библиотека А. Г. Стромберга
|
| 675 |
|
|
|a 544.14
|v 4
|
| 675 |
|
|
|a 544.12/.13
|v 4
|
| 702 |
|
1 |
|a Нефедов
|b В. И.
|g Вадим Иванович
|4 340
|
| 712 |
0 |
2 |
|a Академия наук СССР (АН СССР)
|b Институт общей и неорганической химии им. Н. С. Курнакова (ИОНХ)
|c (Москва)
|2 stltpush
|3 (RuTPU)RU\TPU\col\11794
|
| 801 |
|
0 |
|a RU
|b RuMRKP
|c 19950704
|g psbo
|
| 801 |
|
1 |
|a RU
|b 63413507
|c 20150205
|
| 801 |
|
2 |
|a RU
|b 63413507
|c 20171011
|g RCR
|
| 942 |
|
|
|c BK
|